00398 2200145 4500001002100000005001500021035002000036245009000056100001600146300001200162260004400174082000800218084001400226990001200240INLIS00000000000166320250429100306 a0010-04250000791 aCara Belajar dan Menulis Huruf Al Qur'an Serta Terjemah Juz 'Amma /cDrs. Abu Hanifah0 aAbu Hanifah a122 hlm aSemarang :bPT. Karya Toha Putra,c2023 a297 a297 AB c a0754677